| 000 | 00825nam a2200217 4500 | ||
|---|---|---|---|
| 003 | OSt | ||
| 005 | 20260213090243.0 | ||
| 008 | 240817b ||||| |||| 00| 0 eng d | ||
| 040 | _c0 | ||
| 082 | _aDPer 364.05 J826 Summer-Fall 2020 v. 110 n. 3-4 | ||
| 100 |
_aFlanders, Chad. _eauthor. _958106 |
||
| 245 |
_aProgressive prosecution in a pandemic / _cChad Flanders and Stephen Galoob. |
||
| 260 |
_aEvanston ; _bNorthwestern University Press , _cFall 2020. |
||
| 300 |
_aVolume 110, pages 685-706 ; _c26 cm. |
||
| 500 | _aThe Journal of Criminal Law & Criminology, vol. 110, no. 4, pages 685-706, Fall 2020. | ||
| 650 | 0 |
_aCriminal law. _913336 |
|
| 650 | 0 |
_aCOVID-19 Pandemic, 2020 _xInfluence. _953481 |
|
| 700 |
_aFlanders, Chad. _eauthor. _958106 |
||
| 700 |
_aGaloob, Stephen. _eauthor. _958107 |
||
| 942 |
_2ddc _cPER |
||
| 999 |
_c20578 _d20578 |
||